Skin valorant - Statistiques

Statistiques générales
  • Ce quiz a été pris 211 fois
  • Le résultat moyen est 20 sur 44
Statistiques - réponses
Par images Réponse % Correct
Kuronami
88%
Gaïa
76%
Prime
76%
Xerofang
75%
Oni
70%
Neptune
69%
Reaver
67%
Ion
64%
Exo
63%
Protocol
63%
Glitchpop
62%
Primordium
61%
RGX
60%
Singularity
58%
Aemondir
56%
Araxys
55%
Chronovoid
53%
Origin
53%
Spectrum
53%
Mystbloom
45%
Divergence
41%
Phaseguard
41%
Magepunk
40%
Blast X
39%
Prelude of chaos
39%
Helix
38%
Overdrive
37%
Sovereign
37%
Cyrax
36%
Elderflame
36%
Cryostasis
35%
Imperium
34%
Nocturnum
34%
Bolt
32%
Splash X
30%
Sentinel of lights
24%
Valiant Hero
24%
Evori Dreamwings
21%
Ruination
20%
Radiant entertainment
17%
Doombringer
16%
Bubblegum Deathwish
12%
Radiant crisis
12%
One tap by ora
8%
Aucun quiz correspondant
Distribution des résultats
% des personnes avec chaque résultat
Percentile par nombre de réponses
Votre historique - résultats
Vous n’avez pas pris ce quiz